Current Assets in the Company

Gespeichert in:
Bibliographische Detailangaben
1. Verfasser: Kopčáková, Janka, 1994-
Format: Buchkapitel
Sprache:Englisch
Schlagworte:
Tags: Tag hinzufügen
Keine Tags, Fügen Sie das erste Tag hinzu!

MARC

LEADER 00000naa$a2200000$$$4500
001 0271739
005 20240502074303.8
041 0 |a eng 
044 |a SK 
245 1 0 |a Current Assets in the Company  |c Janka Kopčáková 
500 |a abstrakt 
610 2 0 |a majetok obežný 
610 2 0 |a pohľadávky 
610 2 0 |a majetok finančný 
100 1 |a Kopčáková, Janka, 1994-